000 01340cam a2200145 4500500
005 20260405040627.0
041 _afre
042 _adc
100 1 0 _aHasenohr, Geneviève
_eauthor
700 1 0 _aRaynaud de Lage, Guy
_eauthor
245 0 0 _aIntroduction à l'ancien français
260 _bArmand Colin,
_c2019.
520 _aCette Introduction à l’ancien français est la 3e édition entièrement revue et mise à jour du manuel publié pour la première fois en 1990 par Geneviève Hasenohr, manuel qui prenait la suite, sous un nouveau format, de l’ouvrage classique de Guy Raynaud de Lage. Il continue ainsi à accompagner non seulement les étudiants, mais aussi les amateurs qui, par nécessité ou par goût, sont amenés à lire des textes ou des documents médiévaux. À tous, il offre un moyen d'accès aisé à notre ancienne littérature. L'exposé est plus pratique que théorique, et chaque phénomène est illustré par un choix d'exemples abondant et varié, propre à familiariser peu à peu le lecteur avec les formes et les mécanismes d'un état de langue – le français des XIIe et XIIIe siècles – qui, au-delà des siècles, a laissé sa marque dans nos parlers modernes.
856 4 1 _uhttps://shs.cairn.info/introduction-a-l-ancien-francais--9782200624507?lang=fr&redirect-ssocas=7080
999 _c2163689
_d2163689